000 00467nam a2200193Ia 4500
005 20240823013955.0
008 240823s9999||||xx |||||||||||||| ||und||
020 _a0-07-463225-6
041 _aENGLISH
082 _A658.15 P4
100 _aKhan M Y and Jain P K
245 0 _aBasic Financial Management
250 _a4th
260 _c2004
_b"TMH,New "
_aNew Delhi
500 _aYES
650 _aFinance
_bManagement Studies
942 _cBK
999 _c168758
_d168758